Country Quiz: Chad 🇹🇩 - Statistics

General Stats
  • This quiz has been taken 11 times
    9 since last reset
  • The average score is 22 of 37
Answer Stats
Hint Answer % Correct
French
100%
Main Religion Islam
100%
Libya
100%
Capital N'Djamena
100%
Niger
100%
Nigeria
100%
State-Condition Republic
100%
Sudan
100%
Independence 1960
80%
Time zones 1 (UTC+1)
80%
Language Arabic
80%
Since 2015, this islamist terror group has staged attacks on Chad's soil Boko Haram
80%
Bordering Countries Cameroon
80%
Central African Republic
80%
Nationality Chadian
80%
National Sport Football
80%
Currency Franc
80%
During the late 19th century, this European country would embark on its eventual colony of modern-day Chad, and between 1900-60s, Chad was colony under this country France
80%
National Animal Goat / Lion
80%
Approximately 80% of Chad's area is situated in this desert Sahara
80%
Most Famous Leader (1990-2021) (the one who killed by rebels just hours after his sixth election win) Idriss Déby
60%
Main Lake Lake Chad
60%
1/44 Countries to lack access to any ocean, otherwise known as... Landlocked
60%
Main Export Mineral Fuels
60%
Founding Father François Tombalbaye
40%
1/65 Countries to criminalise this natural human right Homosexuality
40%
Second-Largest City Moundou
40%
Main Economic Sector Primary / Agriculture
40%
Leader (1982-1990) Hissène Habré
20%
Since 2021, Chad's been ruled through ________ rule, ever since its most famous leader killed by rebels, just hours hy of his sixth election win Military
20%
Between 1986-87, Chad and Libya fought over the Northern strip of Chad, which would culminating in the ______ war, that Chad would eventually win with ease Toyota
20%
Unitary
20%
National Dish Karkandji
0%
Climate Mixed
0%
In 1963, the government decided to ban this, culminating in an aggressive response from the Northern part of the country, essentially leading to a full-fledged guerrilla war Opposition
0%
Type of Government Presidential
0%
Between 1883-93, this Sudanese adventurer conquered the Kingdoms of Ouadai, Baguirmi and Kanem-Bornu, in the area of modern-day Chad Rabih al-Zubayr
0%
No matching quizzes found
Score Distribution
Percent of People with Each Score
Percentile by Number Answered
Your Score History
You have not taken this quiz since the last reset